Real Estate and Globalisation (Record no. 113854)

MARC details
000 -LEADER
fixed length control field 02448cam a22002415a 4500
001 - CONTROL NUMBER
control field L155824
008 - FIXED-LENGTH DATA ELEMENTS--GENERAL INFORMATION
fixed length control field 120417s2012 xxk f 000 0 eng d
020 ## - INTERNATIONAL STANDARD BOOK NUMBER
International Standard Book Number 9781118351673
035 ## - SYSTEM CONTROL NUMBER
System control number (Sirsi) u155824
041 0# - LANGUAGE CODE
Language code of text/sound track or separate title eng
100 1# - MAIN ENTRY--PERSONAL NAME
Personal name Barkham, Richard
245 00 - TITLE STATEMENT
Title Real Estate and Globalisation
Medium [electronic resource]
260 ## - PUBLICATION, DISTRIBUTION, ETC.
Place of publication, distribution, etc. Oxford
Name of publisher, distributor, etc. Wiley-Blackwell
Date of publication, distribution, etc. 2012
300 ## - PHYSICAL DESCRIPTION
Extent ebook
505 2# - FORMATTED CONTENTS NOTE
Formatted contents note 1. Introduction -- 2. Macro-economics and real estate -- 3. Real estate and recessions -- 4. Inflation and real estate -- 5. Retailing and retail property -- 6. Property companies and REITs -- 7. Real estate and construction -- 8. Asia -- 9. Real Estate Returns -- 10. Residential real estate -- 11. Yields -- 12. Global office markets -- 13. Looking forward
520 ## - SUMMARY, ETC.
Summary, etc. This book is based on a series of briefings on the relationship between macroeconomic events and real estate markets in the era of globalisation that covered the period. Collectively they offer unique insights, new ideas and practical approaches to real estate economics, grounded in the day-to-day realities of investment, development and fund management operations in a leading international property company. All the briefings are based on research conducted by a sophisticated in-house research team with expertise in macroeconomics, urban economics, financial economics and econometrics, led by a well- known specialist in the field. The topics highlight the relationship between real estate markets and global economic and political events - an area not well covered by academic journals. A compelling introduction considers the dramatic boom and slump in real estate values that led up to the Great Financial Crisis. The briefings are then presented, grouped into broad themes: macro economics and real estate; GDP, recessions and inflation; REITs; construction; Asia; retail, offices and housing markets; and, the formation of investment yields. A final chapter considers the medium-term future for real estate in the context of the ongoing financial crisis. Topics span the key sectors of office, retail and residential real estate in over 40 countries, with a focus on private sector investment, development and management.
590 ## - LOCAL NOTE (RLIN)
Local note NTK KA
650 24 - SUBJECT ADDED ENTRY--TOPICAL TERM
Topical term or geographic name entry element EBOOK
651 #4 - SUBJECT ADDED ENTRY--GEOGRAPHIC NAME
Geographic name International
690 ## - LOCAL SUBJECT ADDED ENTRY--TOPICAL TERM (OCLC, RLIN)
Topical term or geographic name as entry element Sales
9 (RLIN) 6269
856 40 - ELECTRONIC LOCATION AND ACCESS
Uniform Resource Identifier <a href="https://www.vlebooks.com/">https://www.vlebooks.com/</a>
Public note View on VLEbooks. Logins for members only from [email protected]
942 ## - ADDED ENTRY ELEMENTS (KOHA)
Suppress in OPAC 0
Holdings
Withdrawn status Lost status Source of classification or shelving scheme Damaged status Not for loan Home library Current library Shelving location Date acquired Total Checkouts Full call number Barcode Date last seen Copy number Price effective from Koha item type
    Dewey Decimal Classification     Virtual Virtual Online 17/04/2012   EBOOK 155824-1001 06/08/2019 1 06/08/2019 Book